000 00664nam a2200241Ia 4500
003 OSt
005 20221007075622.0
006 a|||||r|||| 00| 0
007 ta
008 221006b |||||||| |||| 00| 0 eng d
024 _a615
037 _cTextual
040 _aFLL
_cFLL
_beng
041 _2eng
_aeng
082 _aV1N4:31:N7, L7
100 _aBatra T.S.
245 0 _aUnited Nation security council snapping the snare
260 _aNew Delhi
_bMetropolitan book Company Pvt. Ltd. India
_c1977
300 _a159p
_ccm.
650 _aInternational Law
942 _hV1N4:31:N7, L7
_cTEXL
_2CC
999 _c1156769
_d1156769